Aku bukan komprador

Bibliographic Details
Main Author: Aminah Mokhtar
Format: Book
Published: Kuala Lumpur : Dewan Bahasa dan Pustaka , 2009
Subjects:

MARC

LEADER 00000cam a2200000 7i4500
001 0000138363
005 20100506.0
020 |a 9789834603007 
090 0 0 |a F   |b AMI 
100 0 |a Aminah Mokhtar 
245 1 0 |a Aku bukan komprador   |c Aminah Mokhtar 
260 |a Kuala Lumpur :   |b Dewan Bahasa dan Pustaka ,   |c 2009 
300 |a 290p. ;   |c 18.5cm. 
650 0 0 |a Fiction, Malay 
999 |a 00230759   |b BUKU   |c PINJAMAN   |e PERPUSTAKAAN KOMUNITI PETALING JAYA